[Event "SC Falke Saerbeck 1 - SK Königsspringer"]
[Site "Verbandsklasse 2018/2019"]
[Date "2018.10.06"]
[Round "2.1"]
[White "Sandmann, Matthias"]
[Black "Hegemann, Eike"]
[Result "0-1"]
[WhiteElo "1757"]
[BlackElo "1958"]
[PlyCount "78"]
[EventDate "2018.??.??"]
[SourceDate "2018.10.06"]

1. d4 d5 2. Bf4 Nf6 3. e3 c6 4. c3 Bf5 5. Bd3 Bxd3 6. Qxd3 Qb6 7. Qc2 Nbd7 8.
Nd2 Nh5 9. Bg5 h6 10. Bh4 g5 11. Bg3 O-O-O 12. O-O-O Bg7 13. Ngf3 Nxg3 14. hxg3
Kb8 15. Nb3 e6 16. e4 Nf6 17. Nc5 Bf8 18. exd5 cxd5 19. Nxg5 Bxc5 20. dxc5 Qc7
21. Nf3 Ne4 22. b4 Rc8 23. Kb2 b6 24. cxb6 Qxb6 25. Ne5 Qxf2 26. Rc1 Qxc2+ 27.
Rxc2 f6 28. Ng4 h5 29. Nf2 Nxg3 30. Re1 Rc6 31. Re3 h4 32. Nd3 Ne4 33. Nf4 Rg8
34. Rce2 Kc7 35. a3 Kd6 36. Rh3 Rg4 37. Nd3 Nxc3 38. Nf2 Rg3 39. Re3 Rxg2 0-1

[Event "SC Falke Saerbeck 1 - SK Königsspringer"]
[Site "Verbandsklasse 2018/2019"]
[Date "2018.10.06"]
[Round "2.2"]
[White "Fischer, Andreas"]
[Black "Lerke, Bernd"]
[Result "0-1"]
[WhiteElo "1923"]
[BlackElo "1843"]
[PlyCount "134"]
[EventDate "2018.??.??"]
[SourceDate "2018.10.06"]

1. d4 Nf6 2. Nf3 e6 3. g3 b6 4. Bg2 Bb7 5. O-O Be7 6. c4 c5 7. b3 O-O 8. Bb2 d5
9. Nbd2 cxd4 10. Nxd4 Nc6 11. Nxc6 Bxc6 12. Rc1 Rc8 13. Nf3 dxc4 14. bxc4 Nd7
15. Ne5 Nxe5 16. Bxe5 Bxg2 17. Kxg2 f6 18. Bb2 Qxd1 19. Rfxd1 Rfd8 20. Rd3 Kf7
21. Kf3 Bc5 22. Rc2 Re8 23. e3 Re7 24. Ke2 Ke8 25. Rc1 Rec7 26. Rb3 Bd6 27. Rd1
Be7 28. Rc1 Rxc4 29. Rxc4 Rxc4 30. Kd3 Ra4 31. a3 g5 32. h3 h5 33. f3 g4 34.
hxg4 hxg4 35. f4 f5 36. Bc1 Kd7 37. Rc3 b5 38. Kc2 Bf6 39. Rd3+ Kc6 40. Rd1
Rc4+ 41. Kb1 a5 42. Rh1 Bc3 43. Rd1 Rc5 44. Bb2 b4 45. axb4 axb4 46. Bc1 Kb5
47. Bb2 Bxb2 48. Kxb2 Rc3 49. e4 fxe4 50. Rd6 Rxg3 51. Rxe6 e3 52. f5 Kc4 53.
f6 Rg2+ 54. Kb1 Kd3 55. Rd6+ Ke2 56. Rd4 Rf2 57. Rxg4 Rxf6 58. Rxb4 Rc6 59. Rb8
Ke1 60. Rf8 e2 61. Kb2 Rc5 62. Rf7 Kd2 63. Rd7+ Ke3 64. Re7+ Kd3 65. Re8 Rf5
66. Kb3 Kd2 67. Rd8+ Ke3 0-1

[Event "SC Falke Saerbeck 1 - SK Königsspringer"]
[Site "Verbandsklasse 2018/2019"]
[Date "2018.10.06"]
[Round "2.3"]
[White "Kasubke, Manfred"]
[Black "Kipp, Lucas"]
[Result "1/2-1/2"]
[WhiteElo "1846"]
[BlackElo "1917"]
[PlyCount "26"]
[EventDate "2018.??.??"]
[SourceDate "2018.10.06"]

1. e4 e6 2. d4 d5 3. exd5 exd5 4. c4 Nf6 5. Nc3 Be7 6. Nf3 O-O 7. cxd5 Nxd5 8.
Bd3 Nc6 9. O-O Bg4 10. Be4 Nf6 11. Bxc6 bxc6 12. h3 Be6 13. Ne5 Bd5 1/2-1/2

[Event "SC Falke Saerbeck 1 - SK Königsspringer"]
[Site "Verbandsklasse 2018/2019"]
[Date "2018.10.06"]
[Round "2.4"]
[White "Hoge, Reinhard"]
[Black "Mense, Jens-Uwe"]
[Result "1-0"]
[WhiteElo "1902"]
[BlackElo "1822"]
[PlyCount "63"]
[EventDate "2018.??.??"]
[SourceDate "2018.10.06"]

1. c4 g6 2. g3 Bg7 3. Bg2 d6 4. Nc3 e5 5. e4 Ne7 6. Nge2 O-O 7. d4 exd4 8. Nxd4
Nbc6 9. Be3 Ne5 10. Qe2 Bg4 11. f3 Bd7 12. O-O c5 13. Ndb5 Be6 14. Nd5 Bxd5 15.
cxd5 a6 16. Nc3 b5 17. Rad1 f5 18. Bh3 Qe8 19. f4 Nc4 20. Bf2 Kh8 21. e5 Nxe5
22. fxe5 Bxe5 23. Bxc5 Bxc3 24. bxc3 dxc5 25. Qe5+ Kg8 26. d6 Nc6 27. Qd5+ Kg7
28. Qxc5 Ne5 29. Bg2 Rc8 30. Qd4 Rc4 31. d7 Qe6 32. d8=Q 1-0

[Event "SC Falke Saerbeck 1 - SK Königsspringer"]
[Site "Verbandsklasse 2018/2019"]
[Date "2018.10.06"]
[Round "2.5"]
[White "Holstegge, Ludger"]
[Black "Fayazi, Shahriar"]
[Result "1/2-1/2"]
[WhiteElo "1761"]
[BlackElo "1870"]
[PlyCount "113"]
[EventDate "2018.??.??"]
[SourceDate "2018.10.06"]

1. c4 e5 2. Nc3 d6 3. g3 f5 4. Bg2 Nf6 5. d3 c6 6. e4 Be7 7. Nge2 O-O 8. O-O
Be6 9. b3 Nbd7 10. h3 Qe8 11. exf5 Bxf5 12. g4 Bg6 13. Ng3 Rd8 14. d4 exd4 15.
Qxd4 Nc5 16. Ba3 Nfd7 17. Rad1 Ne6 18. Qd2 Nf4 19. Qe3 Ne5 20. Nce2 Nxg2 21.
Kxg2 Rf3 22. Qd4 Bf6 23. Ne4 Bxe4 24. Qxe4 h5 25. Ng1 hxg4 26. hxg4 Rc3 27. Bb4
d5 28. cxd5 cxd5 29. Rxd5 Rcc8 30. Rxd8 Rxd8 31. Re1 Qg6 32. Qxg6 Nxg6 33. Nf3
Nf4+ 34. Kg3 Nd3 35. Re4 Nc1 36. g5 Bb2 37. Rc4 Nxa2 38. Bd2 Rd3 39. g6 Kf8 40.
Bg5 Bf6 41. Rc8+ Ke7 42. Rc7+ Kf8 43. Bxf6 gxf6 44. Rxb7 Nc1 45. b4 Rb3 46. Kg4
Nd3 47. b5 Nxf2+ 48. Kf4 Nh3+ 49. Kg4 Nf2+ 50. Kg3 Ne4+ 51. Kf4 Nd6 52. Rxa7
Rb4+ 53. Kg3 Rxb5 54. Rd7 Ne8 55. Kf4 Ng7 56. Ke4 f5+ 57. Ke3 1/2-1/2

[Event "SC Falke Saerbeck 1 - SK Königsspringer"]
[Site "Verbandsklasse 2018/2019"]
[Date "2018.10.06"]
[Round "2.6"]
[White "Bartsch, Jan"]
[Black "Hols, Bernhard"]
[Result "1-0"]
[WhiteElo "1696"]
[BlackElo "1768"]
[PlyCount "125"]
[EventDate "2018.??.??"]
[SourceDate "2018.10.06"]

1. b3 d5 2. Bb2 Nf6 3. e3 Bg4 4. Be2 Bxe2 5. Qxe2 c6 6. Nf3 Nbd7 7. d3 e6 8.
Nbd2 Qa5 9. O-O Ba3 10. Bxa3 Qxa3 11. c4 O-O 12. e4 Rfd8 13. e5 Ne8 14. Nb1 Qb4
15. Qc2 d4 16. a3 Qb6 17. Re1 c5 18. Nbd2 Qc7 19. Re4 a6 20. Rae1 b5 21. Qd1 h6
22. g4 Nf8 23. h4 Rab8 24. g5 g6 25. h5 Qe7 26. gxh6 gxh5 27. Nh4 f5 28. Rf4
Qg5+ 29. Ng2 Ng6 30. Rf3 Kh7 31. Rh3 Qg4 32. Rxh5 Qxd1 33. Rxd1 Nxe5 34. Re1
Nxd3 35. Rxe6 Rb7 36. Nf3 bxc4 37. Ng5+ Kh8 38. bxc4 Rb1+ 39. Kh2 Rb7 40. Kg3
f4+ 41. Nxf4 Nxf4 42. Kxf4 d3 43. Ne4 Nc7 44. Re7 d2 45. Nxd2 Rxd2 46. Rxc5
Nd5+ 47. Rxd5 Rxf2+ 48. Kg3 Rxe7 49. Kxf2 Re6 50. Rh5 Kh7 51. c5 Re4 52. Kf3
Re1 53. a4 Ra1 54. Ke4 Rxa4+ 55. Kd5 Ra1 56. Kd6 Rd1+ 57. Rd5 Rf1 58. c6 Rf6+
59. Kc7 Rxh6 60. Rd7+ Kg8 61. Kb7 Rh1 62. c7 Rb1+ 63. Ka7 1-0

[Event "SC Falke Saerbeck 1 - SK Königsspringer"]
[Site "Verbandsklasse 2018/2019"]
[Date "2018.10.06"]
[Round "2.7"]
[White "Steens, Rudolf"]
[Black "Bartsch, Rainer"]
[Result "1-0"]
[WhiteElo "1779"]
[BlackElo "1741"]
[PlyCount "121"]
[EventDate "2018.??.??"]
[SourceDate "2018.10.06"]

1. e4 d5 2. exd5 Nf6 3. Bb5+ Nbd7 4. Nc3 g6 5. Nf3 Bg7 6. d4 O-O 7. O-O Nb6 8.
Re1 Nfxd5 9. Nxd5 Qxd5 10. Bd3 Re8 11. c3 Bf5 12. Ne5 Bxd3 13. Nxd3 Rad8 14.
Bf4 c6 15. Bg3 Nd7 16. Qa4 Qb5 17. Qxb5 cxb5 18. Re2 e6 19. Rae1 b6 20. Nb4 Nf6
21. Be5 Rc8 22. Bxf6 Bxf6 23. d5 a5 24. Nc6 Rxc6 25. dxc6 Rc8 26. Rd1 Rxc6 27.
f4 Rc4 28. g3 b4 29. cxb4 Rxb4 30. b3 Rd4 31. Rxd4 Bxd4+ 32. Kf1 Bc5 33. a4 h5
34. h3 Kg7 35. Re4 Kf6 36. Ke2 Bg1 37. Kf3 Bc5 38. Rc4 Kf5 39. g4+ hxg4+ 40.
hxg4+ Kf6 41. Ke4 Ke7 42. g5 Kd6 43. Rc2 Bb4 44. Rc1 Ba3 45. Rd1+ Ke7 46. Kd3
Bc5 47. Kc4 Be3 48. Rf1 Bc5 49. Kb5 Kd6 50. Rd1+ Kc7 51. Rd3 Bd6 52. Rc3+ Kb7
53. Rc4 Bc7 54. Rd4 e5 55. fxe5 Bxe5 56. Rd7+ Kc8 57. Rxf7 Bd4 58. Kc6 Kb8 59.
Rb7+ Kc8 60. Rxb6 Bxb6 61. Kxb6 1-0

[Event "SC Falke Saerbeck 1 - SK Königsspringer"]
[Site "Verbandsklasse 2018/2019"]
[Date "2018.10.06"]
[Round "2.8"]
[White "Henschen, Daniel"]
[Black "Schmidt, Ralf"]
[Result "0-1"]
[WhiteElo "1623"]
[BlackElo "1597"]
[PlyCount "46"]
[EventDate "2018.??.??"]
[SourceDate "2018.10.06"]

1. Nf3 f5 2. d4 e6 3. Nc3 Nf6 4. Bg5 d5 5. a3 Be7 6. Bxf6 Bxf6 7. e3 Nd7 8. Bd3
O-O 9. Qd2 c5 10. O-O-O a6 11. h3 b5 12. Ne5 Nxe5 13. dxe5 Bxe5 14. f4 Bf6 15.
g4 b4 16. axb4 cxb4 17. Na2 Qb6 18. gxf5 b3 19. cxb3 Qxb3 20. Kb1 Rb8 21. Nc1
Qxb2+ 22. Qxb2 Rxb2+ 23. Ka1 exf5 0-1

[Event "SC Gronau 2 - SV Ibbenbüren 1"]
[Site "Verbandsklasse 2018/2019"]
[Date "2018.10.06"]
[Round "2.1"]
[White "Welp, Michael"]
[Black "Klönne, Tim"]
[Result "1-0"]
[WhiteElo "1872"]
[BlackElo "1826"]
[PlyCount "71"]
[EventDate "2018.??.??"]
[SourceDate "2018.10.06"]

1. e4 c6 2. Nc3 d5 3. Qf3 e6 4. e5 Ne7 5. d4 Nf5 6. Be3 a6 7. Bd3 Nxe3 8. fxe3
f5 9. exf6 Qxf6 10. O-O-O Be7 11. e4 O-O 12. Qg3 Nd7 13. Nf3 Qf4+ 14. Qxf4 Rxf4
15. Rhf1 b6 16. Rde1 Bb4 17. exd5 exd5 18. g3 Rf8 19. a3 Bxc3 20. bxc3 Nf6 21.
Re7 Rb8 22. Ne5 Bb7 23. Nd7 Nxd7 24. Rxd7 Rxf1+ 25. Bxf1 Rf8 26. Bd3 Bc8 27.
Rc7 Bf5 28. Bxf5 Rxf5 29. Rxc6 Rf1+ 30. Kb2 Rf2 31. Rxb6 Rxh2 32. Rxa6 Rg2 33.
a4 Rxg3 34. a5 h5 35. Rb6 h4 36. a6 1-0

[Event "SC Gronau 2 - SV Ibbenbüren 1"]
[Site "Verbandsklasse 2018/2019"]
[Date "2018.10.06"]
[Round "2.2"]
[White "Rothkegel, Jürgen"]
[Black "Kellmann, Dominik"]
[Result "1/2-1/2"]
[WhiteElo "1835"]
[BlackElo "1777"]
[PlyCount "51"]
[EventDate "2018.??.??"]
[SourceDate "2018.10.06"]

1. e4 c6 2. d4 d5 3. Nc3 dxe4 4. Nxe4 Bf5 5. Ng3 Bg6 6. N1e2 Nf6 7. Nf4 Nbd7 8.
Nxg6 hxg6 9. Bd3 e6 10. Ne4 Be7 11. O-O Qc7 12. g3 Qb6 13. c3 Kf8 14. Qe2 Kg8
15. Ng5 c5 16. dxc5 Nxc5 17. Bc4 Qc6 18. Bb5 Qc8 19. b4 a6 20. Bc4 b5 21. Bxb5
axb5 22. bxc5 Nd5 23. Qxb5 Nxc3 24. Qd3 Qxc5 25. Qf3 Rf8 26. h4 1/2-1/2

[Event "SC Gronau 2 - SV Ibbenbüren 1"]
[Site "Verbandsklasse 2018/2019"]
[Date "2018.10.06"]
[Round "2.3"]
[White "Langer, Ralf"]
[Black "Binger, Friedhelm"]
[Result "1/2-1/2"]
[WhiteElo "1734"]
[BlackElo "1716"]
[PlyCount "31"]
[EventDate "2018.??.??"]
[SourceDate "2018.10.06"]

1. d4 d5 2. Nf3 Nf6 3. Bf4 e6 4. e3 Bd6 5. Bg3 Ne4 6. Nbd2 Nxg3 7. hxg3 c5 8.
c3 Nd7 9. Bd3 h6 10. Qe2 cxd4 11. exd4 a6 12. Ne5 Bxe5 13. dxe5 Qc7 14. Nf3 b5
15. O-O O-O 16. Rfe1 1/2-1/2

[Event "SC Gronau 2 - SV Ibbenbüren 1"]
[Site "Verbandsklasse 2018/2019"]
[Date "2018.10.06"]
[Round "2.4"]
[White "Reinhold, Klaus"]
[Black "Wolf, Sergej"]
[Result "1/2-1/2"]
[WhiteElo "1816"]
[BlackElo "1734"]
[PlyCount "64"]
[EventDate "2018.??.??"]
[SourceDate "2018.10.06"]

1. d4 Nf6 2. c4 c5 3. d5 b5 4. Nd2 d6 5. e4 g6 6. cxb5 a6 7. bxa6 Bxa6 8. Bxa6
Nxa6 9. Ne2 Bg7 10. Nc3 O-O 11. Nc4 Nd7 12. O-O Nb6 13. Ne3 Qd7 14. Bd2 Rfb8
15. Qe2 Na4 16. Nxa4 Qxa4 17. Qc4 Qxc4 18. Nxc4 Nb4 19. a3 Nc2 20. Rac1 Nd4 21.
Rfe1 Nb3 22. Rc2 Nxd2 23. Rxd2 Bd4 24. Kf1 Rb3 25. f4 Ra4 26. Rc2 Rxc4 27. Rxc4
Rxb2 28. Rxd4 cxd4 29. Ra1 d3 30. a4 Rc2 31. a5 d2 32. Rd1 Ra2 1/2-1/2

[Event "SC Gronau 2 - SV Ibbenbüren 1"]
[Site "Verbandsklasse 2018/2019"]
[Date "2018.10.06"]
[Round "2.5"]
[White "Werremeyer, Achim"]
[Black "Schöwer-Lingemann, Thorsten"]
[Result "1-0"]
[WhiteElo "1702"]
[BlackElo "1757"]
[PlyCount "81"]
[EventDate "2018.??.??"]
[SourceDate "2018.10.06"]

1. c4 Nf6 2. Nc3 g6 3. d4 Bg7 4. e4 d6 5. Be2 O-O 6. Nf3 e5 7. Bg5 exd4 8. Nxd4
c6 9. O-O Nbd7 10. Rc1 Nc5 11. b4 Ne6 12. Nxe6 Bxe6 13. Kh1 Qc7 14. Bf4 Rad8
15. c5 Ne8 16. cxd6 Qb6 17. a3 Nxd6 18. Bxd6 Rd7 19. f4 Rfd8 20. e5 Bf8 21. Ne4
Bf5 22. Nf6+ Kg7 23. Bxf8+ Kxf8 24. Nxd7+ Rxd7 25. Qe1 Qe3 26. Rf3 Qd2 27. Qxd2
Rxd2 28. Re3 Bc2 29. h3 Ke7 30. Bg4 h5 31. Bc8 b6 32. Ba6 Ba4 33. Bd3 Rf2 34.
Rf3 Ra2 35. Be4 Kd7 36. Rd3+ Kc7 37. Bd5 Rf2 38. Bxf7 Rxf4 39. e6 Re4 40. Rd7+
Kb8 41. e7 1-0

[Event "SC Gronau 2 - SV Ibbenbüren 1"]
[Site "Verbandsklasse 2018/2019"]
[Date "2018.10.06"]
[Round "2.6"]
[White "Sprenger, Franz"]
[Black "Jonas, Robert"]
[Result "1/2-1/2"]
[WhiteElo "1685"]
[BlackElo "1672"]
[PlyCount "49"]
[EventDate "2018.??.??"]
[SourceDate "2018.10.06"]

1. e4 e5 2. Bc4 Nf6 3. Nc3 Nc6 4. f4 d6 5. Nf3 Be7 6. O-O O-O 7. d3 a6 8. a4
Bd7 9. fxe5 Nxe5 10. Nxe5 dxe5 11. Bg5 c6 12. Kh1 b5 13. axb5 axb5 14. Ba2 b4
15. Ne2 c5 16. Ng1 h6 17. Bh4 Bg4 18. Qe1 Bh5 19. Nf3 Nd7 20. Bxe7 Qxe7 21. Nh4
Kh7 22. Nf5 Qg5 23. Nd6 Qe7 24. Nf5 Qg5 25. Nd6 1/2-1/2

[Event "SC Gronau 2 - SV Ibbenbüren 1"]
[Site "Verbandsklasse 2018/2019"]
[Date "2018.10.06"]
[Round "2.7"]
[White "Sivakumaran, Methunraj"]
[Black "Schlüter, Gerhard"]
[Result "1/2-1/2"]
[WhiteElo "1551"]
[BlackElo "1658"]
[PlyCount "71"]
[EventDate "2018.??.??"]
[SourceDate "2018.10.06"]

1. d4 d5 2. c4 e6 3. Nf3 Nf6 4. Nc3 Nbd7 5. Bf4 c6 6. e3 Be7 7. h3 Nb6 8. c5
Nbd7 9. Bd3 O-O 10. O-O Re8 11. Qc2 Nf8 12. b4 N6d7 13. b5 Bf6 14. Rfd1 e5 15.
Nxe5 Nxe5 16. Bxe5 Bxe5 17. dxe5 Qe7 18. bxc6 bxc6 19. Ne2 Qxe5 20. Nd4 Bd7 21.
Rab1 Reb8 22. Rb3 Rxb3 23. axb3 a5 24. Ra1 h6 25. Ra4 Qb8 26. Qc3 Ne6 27. Rxa5
Rxa5 28. Qxa5 Nxd4 29. exd4 Kf8 30. b4 Qf4 31. Qd8+ Be8 32. b5 Qc1+ 33. Kh2
Qf4+ 34. Kg1 Qc1+ 35. Kh2 Qf4+ 36. Kg1 1/2-1/2

[Event "SC Gronau 2 - SV Ibbenbüren 1"]
[Site "Verbandsklasse 2018/2019"]
[Date "2018.10.06"]
[Round "2.8"]
[White "Mosebach, Peter"]
[Black "Stöcker, Ralph"]
[Result "0-1"]
[WhiteElo "1628"]
[BlackElo "2022"]
[PlyCount "59"]
[EventDate "2018.??.??"]
[SourceDate "2018.10.06"]

1. e4 c6 2. Nc3 d5 3. exd5 cxd5 4. d4 Nf6 5. Bd3 Bg4 6. f3 Bh5 7. Nge2 Nc6 8.
a3 e6 9. Be3 Bd6 10. O-O Bg6 11. Kh1 a6 12. Qd2 Nh5 13. f4 f5 14. Bf2 Qc7 15.
Bg3 O-O 16. Ng1 Rae8 17. Nce2 Nf6 18. c4 Bh5 19. Nf3 Ne4 20. Qc2 g5 21. cxd5
exd5 22. Nxg5 Bxe2 23. Bxe2 Nxg5 24. fxg5 Bxg3 25. hxg3 Qxg3 26. Rxf5 Rxf5 27.
Qxf5 Rxe2 28. Qc8+ Kg7 29. Qxb7+ Ne7 30. Qxa6 0-1

[Event "Südlohner SV 2 - SC Klein-Berlin Rheine"]
[Site "Verbandsklasse 2018/2019"]
[Date "2018.10.06"]
[Round "2.1"]
[White "Ratert, Matthias"]
[Black "Emming, Benedikt"]
[Result "1-0"]
[WhiteElo "1878"]
[BlackElo "1825"]
[PlyCount "103"]
[EventDate "2018.??.??"]
[SourceDate "2018.10.06"]

1. Nf3 c5 2. g3 Nc6 3. Bg2 d5 4. d4 e6 5. O-O Nf6 6. c4 Be7 7. cxd5 Nxd5 8. a3
O-O 9. dxc5 Bxc5 10. Qc2 Bb6 11. e4 Nde7 12. Bf4 Bd7 13. Nc3 Nd4 14. Nxd4 Bxd4
15. Ne2 Bb6 16. Rfd1 Ng6 17. Bd6 Re8 18. b4 e5 19. Bc5 Rc8 20. Bh3 Bxc5 21.
bxc5 Rc7 22. Nc3 Qc8 23. Bxd7 Rxd7 24. Qa4 Rxd1+ 25. Rxd1 a6 26. Qd7 Nf8 27.
Qxc8 Rxc8 28. Nd5 Re8 29. Rc1 Ne6 30. c6 bxc6 31. Rxc6 Ra8 32. Nb6 Nd4 33. Rc4
Rb8 34. Nd7 Rb1+ 35. Kg2 f6 36. Ra4 Ra1 37. Rxa6 Kf7 38. a4 Ne6 39. Ra7 Kg6 40.
a5 Nd4 41. a6 Nb5 42. Rb7 Nd6 43. Rb6 Nxe4 44. Nxe5+ Kf5 45. Nc6 Nd6 46. Ne7+
Ke5 47. f4+ Ke6 48. Nc8 Kd7 49. Nxd6 Kc7 50. Nc4 Ra4 51. Rb7+ Kc6 52. Ne3 1-0

[Event "Südlohner SV 2 - SC Klein-Berlin Rheine"]
[Site "Verbandsklasse 2018/2019"]
[Date "2018.10.06"]
[Round "2.3"]
[White "van Dijk, Guido"]
[Black "Richters, Alfred"]
[Result "1/2-1/2"]
[WhiteElo "1769"]
[BlackElo "1839"]
[PlyCount "66"]
[EventDate "2018.??.??"]
[SourceDate "2018.10.06"]

1. d4 e6 2. c4 f5 3. Nc3 Nf6 4. Nf3 Be7 5. h3 d6 6. Nd2 e5 7. d5 a5 8. e4 O-O
9. Bd3 f4 10. b3 Na6 11. Na4 Bd7 12. Ba3 b6 13. Nc3 Be8 14. Be2 Qc8 15. Bg4 Bd7
16. f3 h5 17. Bxd7 Nxd7 18. Na4 Bh4+ 19. Ke2 Qb7 20. Nc3 Ndc5 21. Ndb1 Qc8 22.
Bxc5 Nxc5 23. Na4 Nxa4 24. bxa4 Rf6 25. Nc3 Rg6 26. Rg1 Bg3 27. Kf1 Qd7 28. Rb1
Qe7 29. Ne2 Bh4 30. Rb2 Rf8 31. Qb3 Kh8 32. Rh1 Rf7 33. Qb5 Rgf6 1/2-1/2

[Event "Südlohner SV 2 - SC Klein-Berlin Rheine"]
[Site "Verbandsklasse 2018/2019"]
[Date "2018.10.06"]
[Round "2.4"]
[White "Telöken, Stefan"]
[Black "Brinkmann, Franz-Josef"]
[Result "1-0"]
[WhiteElo "1814"]
[BlackElo "1754"]
[PlyCount "131"]
[EventDate "2018.??.??"]
[SourceDate "2018.10.06"]

1. c4 e5 2. g3 Nf6 3. Bg2 d5 4. cxd5 Nxd5 5. Nc3 c6 6. Qb3 Nxc3 7. bxc3 Qb6 8.
Qc2 Bc5 9. e3 O-O 10. d4 exd4 11. cxd4 Bb4+ 12. Bd2 Nd7 13. Nf3 Qb5 14. Rb1
Bxd2+ 15. Nxd2 Qa5 16. O-O Nf6 17. Nc4 Qc7 18. e4 Be6 19. Ne3 Rac8 20. Rfc1 Qd7
21. Rd1 Rfd8 22. Qb2 b6 23. Rbc1 h6 24. f4 Qe7 25. f5 Bd7 26. e5 Nd5 27. Bxd5
cxd5 28. Nxd5 Qg5 29. f6 Rxc1 30. Qxc1 Qxc1 31. Rxc1 Be6 32. Ne7+ Kf8 33. d5
gxf6 34. exf6 Bg4 35. Kf2 Ke8 36. Ke3 Rd6 37. Rc6 Kd7 38. Kf4 h5 39. Ke5 Rxc6
40. Nxc6 a5 41. Nd4 Bd1 42. h3 Ba4 43. g4 hxg4 44. hxg4 Bd1 45. g5 Bh5 46. Nc6
a4 47. a3 Bg6 48. Nb4 Bb1 49. Nc6 Bg6 50. Nd4 Bh5 51. Nc2 Bg6 52. Nb4 Bb1 53.
Nc6 Bg6 54. Kd4 Kd6 55. Ne5 Bh5 56. Nc4+ Kc7 57. Nb2 b5 58. Kc5 Bg6 59. Nd1 Kd7
60. Nc3 b4 61. Kxb4 Kd6 62. Kxa4 Ke5 63. Kb4 Bf5 64. Kc5 Bd7 65. a4 Kf5 66. Kd6
1-0

[Event "Südlohner SV 2 - SC Klein-Berlin Rheine"]
[Site "Verbandsklasse 2018/2019"]
[Date "2018.10.06"]
[Round "2.5"]
[White "Huesmann, Stephan"]
[Black "Albers, Thomas"]
[Result "1/2-1/2"]
[WhiteElo "1674"]
[BlackElo "1736"]
[PlyCount "39"]
[EventDate "2018.??.??"]
[SourceDate "2018.10.06"]

1. e4 e6 2. d4 d5 3. exd5 exd5 4. Bd3 Nf6 5. Bg5 Be7 6. Nd2 O-O 7. c3 Be6 8.
Qc2 Nbd7 9. O-O-O c5 10. f4 cxd4 11. f5 dxc3 12. bxc3 Qb6 13. Nb3 Ba3+ 14. Kd2
Rfe8 15. Be3 Nc5 16. fxe6 Rxe6 17. Bd4 Nfe4+ 18. Bxe4 dxe4 19. Nxc5 Bxc5 20.
Ne2 1/2-1/2

[Event "Südlohner SV 2 - SC Klein-Berlin Rheine"]
[Site "Verbandsklasse 2018/2019"]
[Date "2018.10.06"]
[Round "2.6"]
[White "Böcker, Manfred"]
[Black "Pohlmeier, Ulrich"]
[Result "1/2-1/2"]
[WhiteElo "1846"]
[BlackElo "1584"]
[PlyCount "45"]
[EventDate "2018.??.??"]
[SourceDate "2018.10.06"]

1. d4 e6 2. Nf3 Nf6 3. Bg5 Be7 4. Bxf6 Bxf6 5. e4 b6 6. Bd3 d6 7. Nbd2 Bb7 8.
Qe2 Nd7 9. e5 dxe5 10. dxe5 Be7 11. O-O-O c5 12. h4 h6 13. Ne4 a6 14. Nd6+ Bxd6
15. exd6 Qf6 16. Be4 Qf4+ 17. Nd2 Bxe4 18. Qxe4 Qxe4 19. Nxe4 Rd8 20. Rhe1 Nb8
21. f4 Kd7 22. Re3 Nc6 23. c3 1/2-1/2

[Event "Südlohner SV 2 - SC Klein-Berlin Rheine"]
[Site "Verbandsklasse 2018/2019"]
[Date "2018.10.06"]
[Round "2.7"]
[White "Engfer, Klaus"]
[Black "Schlattmann, Martin"]
[Result "1/2-1/2"]
[WhiteElo "1595"]
[BlackElo "1721"]
[PlyCount "113"]
[EventDate "2018.??.??"]
[SourceDate "2018.10.06"]

1. e4 e5 2. Bc4 Nf6 3. d3 d6 4. Bg5 Be7 5. h3 O-O 6. Nf3 Nc6 7. a3 h6 8. Be3 d5
9. exd5 Nxd5 10. Bxd5 Qxd5 11. Nc3 Qe6 12. O-O Qg6 13. Kh1 f5 14. Nh2 f4 15.
Bd2 Be6 16. Ne4 Bd5 17. f3 Bxe4 18. dxe4 Rad8 19. c3 Bc5 20. Qb3+ Kh7 21. Be1
Bb6 22. Rd1 Na5 23. Qa4 Rxd1 24. Qxd1 Nc4 25. Bf2 Nxb2 26. Qb3 Nd3 27. Bxb6
axb6 28. Qc2 Rd8 29. Ng4 h5 30. Nf2 Nxf2+ 31. Rxf2 Qd6 32. Qb2 Ra8 33. Qb4 Qd1+
34. Kh2 Qe1 35. Rb2 Rd8 36. Rb1 Qg3+ 37. Kh1 Rd2 38. Rg1 Qf2 39. Qf8 Qc5 40.
Qf5+ Kh6 41. Qe6+ g6 42. Qf7 Rd8 43. Qb3 b5 44. Qb2 Rd3 45. Rc1 Qc4 46. Qb4
Qxb4 47. cxb4 Rd7 48. Rc5 c6 49. Rxe5 Kg7 50. Re8 Kf7 51. Rb8 Ke6 52. Rg8 Kf7
53. Rb8 Kf6 54. Rf8+ Rf7 55. Rd8 Ke6 56. Kg1 Rd7 57. Rg8 1/2-1/2

[Event "Südlohner SV 2 - SC Klein-Berlin Rheine"]
[Site "Verbandsklasse 2018/2019"]
[Date "2018.10.06"]
[Round "2.8"]
[White "Schmeing, Manfred"]
[Black "Schmiemann, Karlheinz"]
[Result "1/2-1/2"]
[WhiteElo "1677"]
[BlackElo "1369"]
[PlyCount "51"]
[EventDate "2018.??.??"]
[SourceDate "2018.10.06"]

1. e4 e5 2. Nf3 Nc6 3. Bc4 Bc5 4. d3 Nf6 5. O-O O-O 6. Bg5 d6 7. h3 Be6 8. Nc3
h6 9. Bh4 Na5 10. Nd5 Bxd5 11. exd5 Nxc4 12. dxc4 c6 13. c3 Bb6 14. Nd2 g5 15.
Bg3 c5 16. Re1 Qd7 17. Qf3 Kg7 18. h4 g4 19. Qd1 Qf5 20. Nf1 h5 21. Qe2 Rae8
22. Rac1 Qg6 23. b4 Nd7 24. Kh1 f5 25. Bh2 f4 26. Qc2 1/2-1/2

[Event "SC Hiltrup 1 - Schach Nienberge 2"]
[Site "Verbandsklasse 2018/2019"]
[Date "2018.10.06"]
[Round "2.1"]
[White "Melkert, Tim"]
[Black "Kammers, Heribert"]
[Result "1-0"]
[WhiteElo "1912"]
[BlackElo "1972"]
[PlyCount "63"]
[EventDate "2018.??.??"]
[SourceDate "2018.10.06"]

1. e4 e6 2. d4 d5 3. Nc3 Nf6 4. e5 Nfd7 5. f4 c5 6. Nf3 Nc6 7. Be3 a6 8. Qd2 b5
9. Qf2 Qb6 10. Bd3 cxd4 11. Nxd4 Bc5 12. Nce2 O-O 13. c3 Ncxe5 14. fxe5 Nxe5
15. Bc2 f5 16. Nxf5 Rxf5 17. Bxc5 Rxf2 18. Bxb6 Rxg2 19. Kf1 Rg4 20. h3 Rh4 21.
Kf2 Bb7 22. Kg3 g5 23. Be3 h6 24. Rhf1 Nc4 25. Bc5 Nxb2 26. Rf6 Re8 27. Raf1
Na4 28. Rg6+ Kh8 29. Bf8 e5 30. Bg7+ Kh7 31. Bf6 Bc8 32. Rg7+ 1-0

[Event "SC Hiltrup 1 - Schach Nienberge 2"]
[Site "Verbandsklasse 2018/2019"]
[Date "2018.10.06"]
[Round "2.2"]
[White "Junk, Phillip"]
[Black "Schäfer, Günter"]
[Result "1/2-1/2"]
[WhiteElo "1969"]
[BlackElo "1855"]
[PlyCount "74"]
[EventDate "2018.??.??"]
[SourceDate "2018.10.06"]

1. e4 d6 2. d4 Nf6 3. Bd3 g6 4. Nf3 c6 5. O-O Bg7 6. c3 O-O 7. Re1 Qc7 8. h3 e5
9. Be3 Re8 10. Qc2 c5 11. Nbd2 cxd4 12. cxd4 Qxc2 13. Bxc2 Nc6 14. Rad1 exd4
15. Nxd4 Nxd4 16. Bxd4 Be6 17. a3 Rec8 18. Bb3 Ne8 19. Bxg7 Kxg7 20. Re2 Rc7
21. Bxe6 fxe6 22. Nf3 h6 23. Nd4 Kf7 24. Nb5 Rc6 25. Red2 Ke7 26. f3 a6 27. Nc3
Rac8 28. Kf2 b5 29. Rd4 Rc4 30. Ke3 Rxd4 31. Rxd4 Nf6 32. a4 bxa4 33. Rxa4 Rc6
34. Rb4 Nd7 35. Ne2 Rb6 36. Rxb6 Nxb6 37. b3 a5 1/2-1/2

[Event "SC Hiltrup 1 - Schach Nienberge 2"]
[Site "Verbandsklasse 2018/2019"]
[Date "2018.10.06"]
[Round "2.3"]
[White "Weist, Thorsten"]
[Black "Voigt, Stefan"]
[Result "1/2-1/2"]
[WhiteElo "1724"]
[BlackElo "1764"]
[PlyCount "71"]
[EventDate "2018.??.??"]
[SourceDate "2018.10.06"]

1. d4 d5 2. Nf3 e6 3. c4 c5 4. cxd5 exd5 5. Nc3 Nc6 6. dxc5 d4 7. Ne4 Bxc5 8.
Nxc5 Qa5+ 9. Bd2 Qxc5 10. Rc1 Qb6 11. Qc2 Nf6 12. g3 O-O 13. Bg2 Re8 14. Ng5
Qb5 15. O-O Rxe2 16. a4 Qa6 17. Rfe1 d3 18. Qb3 Be6 19. Nxe6 Rxe6 20. Rxe6 fxe6
21. Qxe6+ Kh8 22. Bc3 Re8 23. Qf7 Nd8 24. Qc7 Qxa4 25. Bxf6 gxf6 26. Qd6 Qa6
27. Qxa6 bxa6 28. Rd1 Nf7 29. Rxd3 Re2 30. b3 Ne5 31. Rc3 Rd2 32. Be4 Rd7 33.
f4 Ng6 34. Rc6 Kg7 35. Rxa6 Ne7 36. Ra5 1/2-1/2